Statistics for British TV Quizzes

Click here to take the quiz!

General Stats

  • This quiz has been taken 2,588 times
  • The average score is 6 of 12

Answer Stats

HostAnswer% Correct
Anne RobinsonWeakest Link
90%
Chris TarrantWho Wants To Be A Millionaire?
87%
Bradley WalshThe Chase
84%
Noel EdmondsDeal or No Deal?
83%
Jeremy PaxmanUniversity Challenge
68%
John HumphrysMastermind
59%
Dermot Murnaghan/Jeremy VineEggheads
57%
William G. StewartFifteen to One
44%
Ann WiddecombeCleverdicks
15%
Simon MayoBlockbusters
15%
Noel EdmondsAre You Smarter Than a 10 Year Old?
13%
Chris MoylesChris Moyles' Quiz Night
8%

Score Distribution

Percentile by Number Answered

Percent of People with Each Score

Your Score History

You have not taken this quiz